| 000 | 00900nam a2200241 a 4500 | ||
|---|---|---|---|
| 001 | 59422 | ||
| 003 | BD-RjUL | ||
| 005 | 20211209080728.0 | ||
| 008 | 161224s1988 bg ||||e |||| 000 0 ben d | ||
| 020 | _c: Tk.65.00 | ||
| 035 | _a(BD-RjUL)59546 | ||
| 040 |
_aBD-RjUL _bben _cBD-RjUL _dBD-RjUL |
||
| 041 | _aben | ||
| 082 |
_223 _a320.95492 _bHOB 1988 |
||
| 100 |
_aহক, আবুল ফজল _9118217 |
||
| 245 | 1 | 0 |
_aবাংলাদেশের শাসনব্যবস্থা ও রাজনীতি / _cআবুল ফজল হক |
| 250 | _a2য় সং. | ||
| 260 |
_aঢাকা : _bবাংলা একাডেমী, _c১৯৮৭ |
||
| 300 |
_a[১২], ২৯০ পৃ. ; _c২২ সেমি. |
||
| 650 |
_aরাজনীতি ও সরকার _zবাংলাদেশ _9119957 |
||
| 650 |
_aPolitics and government _zBangladesh _9119958 |
||
| 942 |
_2ddc _cBK |
||
| 999 |
_c59422 _d59422 |
||